000 00278nam a2200109Ia 4500
008 190914s9999||||xx |||||||||||||| ||und||
100 _aStephen C. Harsany
245 0 _aPrinciples of Microwave Technology
260 _aNew Delhi
_bBantam Books
_c2000
300 _a708
942 _cBK
999 _c9248
_d9248